GUIA DE LA FOTOGRAFIA DIGITAL (Registro nro. 53140)
[ vista simple ]
| 000 -LEADER | |
|---|---|
| fixed length control field | 00924nam a2200217 a 4500 |
| 001 - CONTROL NUMBER | |
| control field | 53140 |
| 005 - DATE AND TIME OF LATEST TRANSACTION | |
| control field | 20180714043251.0 |
| 008 - FIXED-LENGTH DATA ELEMENTS--GENERAL INFORMATION | |
| fixed length control field | 140415s2004 si 000 0 spa d |
| 020 ## - INTERNATIONAL STANDARD BOOK NUMBER | |
| International Standard Book Number | 8448046978 |
| 041 ## - LANGUAGE CODE | |
| Language code of text/sound track or separate title | spa |
| 082 ## - DEWEY DECIMAL CLASSIFICATION NUMBER | |
| Classification number | 778 |
| Item number | CLE |
| 100 1# - MAIN ENTRY--PERSONAL NAME | |
| Personal name | CLEMENTS, JOHN |
| 245 10 - TITLE STATEMENT | |
| Title | GUIA DE LA FOTOGRAFIA DIGITAL |
| 250 ## - EDITION STATEMENT | |
| Edition statement | 1a ed. |
| 260 ## - PUBLICATION, DISTRIBUTION, ETC. | |
| Place of publication, distribution, etc. | SINGAPURE : |
| Name of publisher, distributor, etc. | CEAC, |
| Date of publication, distribution, etc. | 2004 |
| 300 ## - PHYSICAL DESCRIPTION | |
| Extent | 182 |
| Dimensions | 20.3 x 1 x 23 |
| 520 ## - SUMMARY, ETC. | |
| Summary, etc. | EL NUCLEO DE ESTE LIRBO LO CONSTITUYEN LAS IMAGENES DE ALTA CALIDAD, QUE COMPARTEN LA INFORMACIÓN ACERCA DE POR QUE CREARON UNA IMAGEN DETERMINADA Y COMO LA MANIPULARON. TRATA DE TEMAS DIVERSOS, DESDE LOS PAISAJES O RETRATOS HASTA LOS DESNUDOS Y LA FOTOGRAFIA A DETALLES; SE EXPLICAN TÉCNICAS MUY DIFERENTES Y SE ANALIZAN SUS PROS Y SUS CONTRAS. |
| 650 14 - SUBJECT ADDED ENTRY--TOPICAL TERM | |
| Topical term or geographic name entry element | FOTOGRAFIA DIGITALIZADA |
| 700 1# - ADDED ENTRY--PERSONAL NAME | |
| Personal name | FURIO, JOANNA |
| Relator term | tr. |
| 740 ## - ADDED ENTRY--UNCONTROLLED RELATED/ANALYTICAL TITLE | |
| Uncontrolled related/analytical title | AN INTERMEDIATE GUIDE TO DIGITAL PHOTOGRAPHY |
| Withdrawn status | Lost status | Source of classification or shelving scheme | Damaged status | Not for loan | Collection code | Home library | Current library | Shelving location | Date acquired | Source of acquisition | Inventory number | Total Checkouts | Full call number | Barcode | Date last seen | Date last checked out | Price effective from | Koha item type |
|---|---|---|---|---|---|---|---|---|---|---|---|---|---|---|---|---|---|---|
| Dewey Decimal Classification | General | Biblioteca Karol Wojtyla | Biblioteca Karol Wojtyla | Sala general | 03/12/2013 | Compra | 151000000000000000022902 | 778 CLE | 79017 | 05/01/2026 | 23/08/2016 | 03/12/2013 | Libro |